| 000 | 01410nam a2200277Ia 4500 | ||
|---|---|---|---|
| 999 |
_c54587 _d54587 |
||
| 001 | 21653 | ||
| 003 | GE_BSU | ||
| 005 | 20230731152042.0 | ||
| 008 | 181216s ||||ge |||||||||||||| ||geo|| | ||
| 040 | _cGE_BSU | ||
| 041 | _ageo | ||
| 080 | _a811.353.1'282 ს-66 | ||
| 100 |
_aცინცაძე, მერი _91857 |
||
| 245 |
_aსამხრული დიალექტები და ქართული სამწერლობო ენა (V-XVIII სს) : _bმონოგრაფია : _cმერი ცინცაძე, მამია ფაღავა ; რედ. როლანდ კომახიძე. |
||
| 264 |
_aბათუმი : _bბათუმის უნ-ტი, _c1998. |
||
| 300 |
_a265 გვ. ; _c20 სმ. |
||
| 500 | _aშემოკლებათა განმარტება გვ. : 246-253 | ||
| 504 | _a ბიბლიოგრაფია გვ. : 254-263 | ||
| 541 | _h5 ლ. | ||
| 653 | _aმონოგრაფია | ||
| 653 | _aსამხრული დიალექტები და ქართული სამწერლობო ენა (V-XVIII სს) | ||
| 653 | _aქართული ენა | ||
| 700 |
_aფაღავა, მამია _eავტორი _913253 |
||
| 700 |
_aკომახიძე, როლანდ _eრედაქტორი _98243 |
||
| 942 |
_cBK _2udc |
||